000 00818cam a22002771 4500
001 sa 65010246
003 DLC
005 20260227112207.0
008 781024s1964 pk b 000 0 eng
010 _asa 65010246
025 _aPL480:EP-E-288
035 _a(OCoLC)4314667
040 _aDLC
_cMH
_dOCoLC
_dDLC
042 _apremarc
050 0 0 _aDS452
_b.H3
100 1 _aHanifi, Manzoor Ahmad.
245 1 2 _aA short history of Muslim rule in Indo-Pakistan.
250 _a[1st ed.]
260 _aDacca,
_bIdeal Library
_c[1964]
300 _aii, 317, iii p.
_c23 cm.
504 _aBibliography: [i]-iii (3d group)
650 0 _aMuslims
_zIndia
_xHistory.
651 0 _aIndia
_xPolitics and government
_y1919-1947.
651 0 _aPakistan
_xPolitics and government.
740 0 _aMuslim rule in Indo-Pakistan.
999 _c66648
_d66648